000 00646nam a22002057a 4500
003 OSt
005 20140310183059.0
008 130301t xxu||||| |||| 00| 0 eng d
020 _a9789710445820
050 _aPE 1130.F5
_bAn581 2010
082 _aFIL 428.24
_bAn3 2010
245 _aEnglish 101 :
_b(a learning-centered manual in effective study skills, critical reading and engaged writing for the Filipino college student) /
_cAng, Jaime G.
260 _aManila :
_bMindshapers,
_c2010
300 _a201 p.
_c26 cm.
521 _acollege students
526 _c1210L-1700L
541 _j1
562 _e1
942 _2lcc
_cBK
_kFIL
999 _c18718
_d18718